Catálogo
 En Linea

Julio Feo : (Registro nro. 42097)

Detalles MARC
000 -CABECERA
campo de control de longitud fija 00546nam a2200169 a 4500
001 - NÚMERO DE CONTROL
campo de control 000042608
005 - FECHA Y HORA DE LA ÚLTIMA TRANSACCIÓN
campo de control 20201002040254.0
008 - DATOS DE LONGITUD FIJA--INFORMACIÓN GENERAL
campo de control de longitud fija 140131s2004 sp ac 001 0 spa d
020 ## - NÚMERO INTERNACIONAL ESTÁNDAR DEL LIBRO
Número Internacional Estándar del Libro 8440636482
040 ## - FUENTE DE LA CATALOGACIÓN
Centro catalogador/agencia de origen DO-SdBNP
Lengua de catalogación spa
Centro/agencia transcriptor BNPHU
100 1# - ENTRADA PRINCIPAL--NOMBRE DE PERSONA
Nombre de persona Feo, Julio
9 (RLIN) 69856
245 10 - MENCIÓN DE TÍTULO
Título Julio Feo :
Resto del título Aquellos Años /
Mención de responsabilidad, etc. Julio Feo ; prólogo de Sabino Fernández Campo.
260 ## - PUBLICACIÓN, DISTRIBUCIÓN, ETC.
Lugar de publicación, distribución, etc. [Barcelona] :
Nombre del editor, distribuidor, etc. Ediciones B,
Fecha de publicación, distribución, etc. [s.f].
300 ## - DESCRIPCIÓN FÍSICA
Extensión vii, 549 p., [64] p. lám. ;
Dimensiones 25 cm.
500 ## - NOTA GENERAL
Nota general Incluye índice
700 1# - PUNTO DE ACCESO ADICIONAL--NOMBRE DE PERSONA
Nombre de persona Fernández Campo, Sabino
Término indicativo de función/relación pról.
9 (RLIN) 69857
Existencias
Estado de retiro Estado de pérdida Restricciones de uso No para préstamo Código de colección Localización permanente Ubicación/localización actual Ubicación en estantería Fecha de adquisición Número de inventario Total de préstamos Signatura topográfica completa Código de barras Fecha visto por última vez Precio válido a partir de Tipo de ítem Koha
        Monografías: Libros y Folletos General General Orden iniciada 31.01.2014 LF1   42608-10 25.06.2020 25.06.2020 No se presta

Con tecnología Koha